[Event "AUTONOMIC COMUNIDAD VALENCIANA"]
[Site "Vila-real (Castellón - SPAIN)"]
[Date "2009.08.19"]
[Round "3.3"]
[White "Fenollar Jorda, Manuel"]
[Black "Jordan Martinez, Miguel"]
[Result "1-0"]
[WhiteElo "2341"]
[BlackElo "2118"]
[PlyCount "127"]
[EventDate "2009.08.18"]

1. d4 Nf6 2. c4 d6 3. Nc3 g6 4. e4 Bg7 5. h3 c6 6. Bg5 Qc7 7. Nge2 Nbd7 8. g4
h5 9. Ng3 hxg4 10. hxg4 Rxh1 11. Nxh1 e5 12. d5 Nc5 13. f3 a5 14. Nf2 Ng8 15.
Qd2 f6 16. Be3 Na6 17. dxc6 bxc6 18. Rd1 Bf8 19. c5 Nxc5 20. Bxc5 dxc5 21. Bc4
Ne7 22. Na4 g5 23. Nd3 Ng6 24. Qh2 Nh4 25. Qf2 Ra7 26. Ke2 Ng6 27. Ndxc5 Nf4+
28. Kd2 Qb8 29. Kc2 Qb4 30. b3 Re7 31. Kb2 Be6 32. Nxe6 Rxe6 33. Bxe6 Nxe6 34.
Qd2 Nd4 35. Qxb4 Bxb4 36. Rd3 Ke7 37. a3 Be1 38. Nb6 Kd6 39. Kc1 Kc7 40. Nc4
Kb7 41. Kd1 Bf2 42. Nxa5+ Kb6 43. Nc4+ Kc5 44. Rc3 Nb5 45. Rd3 Nd4 46. Kd2
Nxb3+ 47. Rxb3 Kxc4 48. Rc3+ Kb5 49. a4+ Kb6 50. a5+ Kb5 51. a6 Ba7 52. Ra3 c5
53. Ra2 c4 54. Kc2 Kb4 55. Ra1 Kc5 56. Ra3 Kb4 57. Ra2 Kb5 58. Ra3 Kb4 59. Ra2
Kb5 60. Ra1 Kb4 61. Rh1 Kb5 62. Rh6 Kxa6 63. Rxf6+ Kb5 64. Rf5 1-0

[Event "AUTONOMIC COMUNIDAD VALENCIANA"]
[Site "Vila-real (Castellón - SPAIN)"]
[Date "2009.08.19"]
[Round "3.4"]
[White "Tello Nunez, Alejandro"]
[Black "Montoliu Cervero, Francisco"]
[Result "1/2-1/2"]
[WhiteElo "2297"]
[BlackElo "2063"]
[PlyCount "71"]
[EventDate "2009.08.18"]

1. e4 c5 2. c3 Nf6 3. e5 Nd5 4. d4 cxd4 5. Nf3 Nc6 6. Bc4 Nb6 7. Bb3 e6 8. cxd4
Be7 9. O-O O-O 10. Nc3 d6 11. exd6 Bxd6 12. Re1 Ne7 13. Qd3 Nbd5 14. Ng5 Ng6
15. h4 Ndf4 16. Bxf4 Bxf4 17. Nxh7 Kxh7 18. h5 Qg5 19. hxg6+ Qxg6 20. Qf3 Bc7
21. Re4 Kg8 22. Rae1 Rb8 23. Rh4 Qf5 24. Qe2 g6 25. Bc2 Qf6 26. g3 Bd7 27. Ne4
Qg7 28. Ng5 Bd8 29. Rh7 Qf6 30. Ne4 Qxd4 31. Rd1 Qxb2 32. Rxd7 Kxh7 33. Ng5+
Kg8 34. Nxf7 Rxf7 35. Qxe6 Qf6 36. Bb3 1/2-1/2

[Event "AUTONOMIC COMUNIDAD VALENCIANA"]
[Site "Vila-real (Castellón - SPAIN)"]
[Date "2009.08.19"]
[Round "3.5"]
[White "Ventura Monfort, Santiago"]
[Black "Carbonell Bofill, Carlos Eloy"]
[Result "0-1"]
[WhiteElo "2077"]
[BlackElo "2203"]
[PlyCount "166"]
[EventDate "2009.08.18"]

1. f4 d5 2. b3 g6 3. Bb2 Nf6 4. e3 Bg7 5. Nf3 O-O 6. Be2 c5 7. O-O Nc6 8. Ne5
Nxe5 9. Bxe5 b6 10. Bf3 Bb7 11. d3 Qd7 12. Nd2 Rad8 13. Qe2 d4 14. Bxb7 dxe3
15. Bf3 exd2 16. Qxd2 h5 17. Qe2 e6 18. a4 a5 19. Rae1 Qe7 20. g3 Ne8 21. Kg2
Nd6 22. Bxg7 Kxg7 23. Qe5+ Qf6 24. Be4 Rh8 25. h4 Rhe8 26. Re2 Re7 27. Rfe1 Nf5
28. Bxf5 gxf5 29. Kf2 Ree8 30. Re3 Qxe5 31. Rxe5 Kf6 32. R5e3 Ke7 33. Re5 Kd6
34. R1e2 Rg8 35. R5e3 Kd5 36. c3 Kc6 37. Rd2 Rd7 38. Re5 Rgd8 39. Ke2 Rd6 40.
c4 Rg8 41. Kf2 Rd4 42. Re3 Kd6 43. Kf3 Re8 44. Rde2 f6 45. Kf2 Re7 46. Kf3 Kd7
47. Kf2 Rd6 48. Kf3 Ke8 49. Kf2 Kf7 50. Kf3 Red7 51. Rd2 Rd4 52. Ke2 R7d6 53.
Ke1 e5 54. fxe5 fxe5 55. Rf2 Ke6 56. Rff3 e4 57. dxe4 fxe4 58. Rf4 Ke5 59. Rf8
Rd1+ 60. Kf2 R6d2+ 61. Re2 Rxe2+ 62. Kxe2 Rd3 63. Rh8 Rxg3 64. Rxh5+ Kd4 65.
Rd5+ Kc3 66. Rd6 Kxb3 67. Rxb6+ Kxc4 68. h5 Rh3 69. h6 Kd4 70. Rd6+ Kc3 71. Re6
c4 72. Ra6 Kb4 73. Re6 Kb3 74. Rxe4 Rxh6 75. Re8 Rh2+ 76. Ke3 Rh3+ 77. Kd4 Rd3+
78. Kc5 c3 79. Rb8+ Ka2 80. Rh8 c2 81. Rh2 Kb3 82. Rh1 Rd1 83. Rh3+ Kxa4 0-1

[Event "AUTONOMIC COMUNIDAD VALENCIANA"]
[Site "Vila-real (Castellón - SPAIN)"]
[Date "2009.08.19"]
[Round "3.6"]
[White "Roca Galarza, Jose"]
[Black "Navarrete Espi, Samuel"]
[Result "1/2-1/2"]
[WhiteElo "2333"]
[BlackElo "1804"]
[PlyCount "133"]
[EventDate "2009.08.18"]

1. Nf3 Nf6 2. c4 g6 3. Nc3 Bg7 4. e4 d6 5. d4 O-O 6. Be2 e5 7. Be3 Ng4 8. Bg5
f6 9. Bh4 g5 10. Bg3 Nh6 11. d5 Nd7 12. Nd2 f5 13. exf5 Nf6 14. Nde4 Nxe4 15.
Nxe4 Bxf5 16. Bd3 g4 17. O-O Bxe4 18. Bxe4 Qg5 19. Qc1 Qh5 20. Qc2 Nf5 21. Bxf5
Rxf5 22. c5 Qf7 23. Qb3 b6 24. cxd6 cxd6 25. Rac1 h5 26. Rc6 Qf6 27. Qc2 Rf8
28. Rc8 Bh6 29. Bh4 Bg5 30. Rxf8+ Qxf8 31. Bxg5 Rxg5 32. Rc1 Rf5 33. g3 Kg7 34.
Qd2 Qe7 35. Rc8 Rf7 36. Qc2 Qb7 37. Rc6 Qe7 38. b4 Qf6 39. Qd2 Qf5 40. Qe3 Qb1+
41. Kg2 Qg6 42. a3 Qf6 43. Rc4 Qf3+ 44. Qxf3 gxf3+ 45. Kh3 Kg6 46. g4 b5 47.
gxh5+ Kxh5 48. Rh4+ Kg5 49. Rg4+ Kf5 50. Kg3 Rh7 51. Kxf3 Rxh2 52. Rg3 Rh4 53.
Rg7 Rh3+ 54. Ke2 Rxa3 55. Rd7 Ra4 56. Rxd6 Rxb4 57. Rd7 a5 58. Rf7+ Ke4 59. d6
Rd4 60. Rb7 b4 61. d7 Rd5 62. Rb5 Rxd7 63. Rxa5 Kd4 64. Rb5 Kc3 65. Rxe5 b3 66.
Rb5 Kb2 67. f4 1/2-1/2

[Event "AUTONOMIC COMUNIDAD VALENCIANA"]
[Site "Vila-real (Castellón - SPAIN)"]
[Date "2009.08.19"]
[Round "3.7"]
[White "De La Duena Y Navajas, Ricardo"]
[Black "Jordan Martinez, David"]
[Result "0-1"]
[WhiteElo "1901"]
[BlackElo "2176"]
[PlyCount "52"]
[EventDate "2009.08.18"]

1. d4 d5 2. e4 dxe4 3. Nc3 Bf5 4. f3 Nf6 5. fxe4 Nxe4 6. Qf3 Nd6 7. Bf4 Qc8 8.
O-O-O Bg4 9. Qe3 Bxd1 10. Bxd6 cxd6 11. Bb5+ Nd7 12. Kxd1 a6 13. Ba4 b5 14. Bb3
Nf6 15. Nf3 e6 16. d5 Qc5 17. Qe2 e5 18. Nxe5 dxe5 19. Qxe5+ Kd7 20. Ne4 Nxe4
21. Qxe4 Bd6 22. Rf1 f6 23. Qg4+ Kc7 24. Qxg7+ Kb6 25. Rxf6 Rhf8 26. Re6 Rae8
0-1

[Event "AUTONOMIC COMUNIDAD VALENCIANA"]
[Site "Vila-real (Castellón - SPAIN)"]
[Date "2009.08.19"]
[Round "3.8"]
[White "Olaru, Daniel"]
[Black "Folch Fuentes, Eva"]
[Result "1-0"]
[WhiteElo "2104"]
[BlackElo "1529"]
[PlyCount "53"]
[EventDate "2009.08.18"]

1. d4 Nf6 2. Nf3 d5 3. Bf4 Bf5 4. e3 Nbd7 5. c4 c5 6. Nc3 e6 7. cxd5 Nxd5 8.
Nxd5 exd5 9. dxc5 Nxc5 10. Bb5+ Bd7 11. Bxd7+ Qxd7 12. O-O Rc8 13. Ne5 Qe6 14.
b4 g5 15. bxc5 gxf4 16. Qa4+ Kd8 17. exf4 Bxc5 18. Rad1 Bb6 19. Rfe1 Re8 20.
Qb3 f6 21. f5 Qg8 22. Rxd5+ Kc7 23. Rc1+ Kb8 24. Nd7+ Ka8 25. Nxb6+ axb6 26.
Rxc8+ Rxc8 27. Qa3+ 1-0

[Event "AUTONOMIC COMUNIDAD VALENCIANA"]
[Site "Vila-real (Castellón - SPAIN)"]
[Date "2009.08.19"]
[Round "3.9"]
[White "Balaguer Miralles, Miguel Angel"]
[Black "Saborit Ripolles, Manuel"]
[Result "0-1"]
[WhiteElo "1894"]
[BlackElo "2008"]
[PlyCount "80"]
[EventDate "2009.08.18"]

1. e4 e5 2. Nf3 Nc6 3. Bc4 Nf6 4. Nc3 Nxe4 5. Bxf7+ Kxf7 6. Nxe4 d5 7. Neg5+
Kg8 8. d4 e4 9. Ne5 Nxe5 10. dxe5 Be7 11. h4 h6 12. Nh3 Bxh3 13. Rxh3 c6 14.
Qg4 Qc8 15. Qg6 Qe8 16. Qg4 h5 17. Qg3 Kh7 18. Bd2 Qg6 19. Bg5 Bxg5 20. hxg5
Raf8 21. O-O-O Rf5 22. Kb1 Qxg5 23. Qb3 Qxg2 24. a4 b6 25. Rdh1 g6 26. R3h2 Qg5
27. Qb4 c5 28. Qb5 Rxe5 29. Qd7+ Qe7 30. Qg4 Kg7 31. Qe2 Rf8 32. Rg1 Rg5 33.
Rd1 Qe5 34. Rhh1 Rg2 35. Rhf1 Qf5 36. Rd2 d4 37. Qc4 e3 38. Re2 Rxf2 39. Rexf2
exf2 40. Qe2 Rf7 0-1

[Event "AUTONOMIC COMUNIDAD VALENCIANA"]
[Site "Vila-real (Castellón - SPAIN)"]
[Date "2009.08.19"]
[Round "3.10"]
[White "Del Hoyo, Pablo"]
[Black "Moran Marzal, Fancisco Javier"]
[Result "1-0"]
[WhiteElo "1995"]
[BlackElo "1791"]
[PlyCount "43"]
[EventDate "2009.08.18"]

1. d4 e6 2. c4 b6 3. Nf3 Nf6 4. g3 Bb7 5. Bg2 c5 6. dxc5 Bxc5 7. O-O O-O 8. Nc3
Nc6 9. Bg5 Be7 10. Ne5 Nxe5 11. Bxb7 Rb8 12. Ba6 Nh5 13. Bd2 Nc6 14. a3 Nf6 15.
e4 Ne8 16. Nb5 Nc7 17. Nxc7 Qxc7 18. Bf4 e5 19. Be3 Bc5 20. b4 Bxe3 21. fxe3
Rbd8 22. Rc1 {IRREPRODUCIBLE} 1-0

[Event "AUTONOMIC COMUNIDAD VALENCIANA"]
[Site "Vila-real (Castellón - SPAIN)"]
[Date "2009.08.19"]
[Round "3.11"]
[White "Marti Blanes, Jose Manuel"]
[Black "Folch Zaragoza, Jose"]
[Result "1-0"]
[WhiteElo "1871"]
[BlackElo "1940"]
[PlyCount "77"]
[EventDate "2009.08.18"]

1. d4 d5 2. c4 e5 3. dxe5 d4 4. Nf3 Nc6 5. a3 Bg4 6. b4 Nge7 7. Bb2 Bxf3 8.
exf3 Ng6 9. Be2 Qg5 10. g3 O-O-O 11. f4 Qe7 12. O-O f6 13. Qa4 Qd7 14. b5 Nb8
15. exf6 Bc5 16. Nd2 gxf6 17. Nb3 Qd6 18. Bg4+ Nd7 19. Nxc5 Qxc5 20. Rad1 Kb8
21. Bxd4 Nb6 22. Qxa7+ Kxa7 23. Bxc5 Kb8 24. Bxb6 cxb6 25. Rxd8+ Rxd8 26. Rd1
Rxd1+ 27. Bxd1 Kc7 28. Bc2 Nf8 29. Be4 h6 30. h4 Nd7 31. g4 Nc5 32. Bf5 Kd6 33.
Kg2 Nb3 34. Be4 Nd2 35. Bd5 Nb1 36. g5 hxg5 37. fxg5 Ke7 38. g6 Kf8 39. h5 1-0

[Event "AUTONOMIC COMUNIDAD VALENCIANA"]
[Site "Vila-real (Castellón - SPAIN)"]
[Date "2009.08.19"]
[Round "3.12"]
[White "Gallego Mora, Salvador"]
[Black "Palacios Perez, Jose Luis"]
[Result "0-1"]
[WhiteElo "1814"]
[BlackElo "1916"]
[PlyCount "80"]
[EventDate "2009.08.18"]

1. e4 e6 2. d4 d5 3. exd5 exd5 4. Bf4 Bd6 5. Bxd6 Qxd6 6. Nf3 Qb4+ 7. Nc3 Ne7
8. Rb1 c6 9. h3 Bf5 10. Bd3 O-O 11. O-O Nd7 12. Re1 Bg6 13. Nh4 Nf6 14. Bxg6
Nxg6 15. Nxg6 hxg6 16. a3 Qd6 17. Qd2 Rfe8 18. Rxe8+ Rxe8 19. Re1 Rxe1+ 20.
Qxe1 Qf4 21. Qe3 Qf5 22. Qe2 g5 23. Nd1 Kf8 24. f3 Nh5 25. Qd2 Qf6 26. Nf2 Nf4
27. Ng4 Qxd4+ 28. Qxd4 Ne2+ 29. Kf2 Nxd4 30. c3 Ne6 31. Ne5 f6 32. Nd3 Ke7 33.
Ke3 c5 34. b3 Kd6 35. g3 d4+ 36. cxd4 Nxd4 37. b4 Nf5+ 38. Kf2 c4 39. Nc5 b6
40. Ne4+ Kd5 0-1

[Event "AUTONOMIC COMUNIDAD VALENCIANA"]
[Site "Vila-real (Castellón - SPAIN)"]
[Date "2009.08.19"]
[Round "3.13"]
[White "Garcia Fernandez, Carlos"]
[Black "Romero Calduch, Sergio"]
[Result "1-0"]
[WhiteElo "2390"]
[BlackElo "1681"]
[PlyCount "26"]
[EventDate "2009.08.18"]

1. e4 Nf6 2. Nc3 d5 3. exd5 Nxd5 4. Bc4 c6 5. Qf3 Be6 6. Nge2 Nc7 7. Bxe6 Nxe6
8. d3 g6 9. Be3 Bg7 10. O-O Nd7 11. d4 Nb6 12. d5 cxd5 13. Nxd5 Nxd5 {
Ahora pone Txd5, una mal anotada y la otra irreproducible.} 1-0

[Event "AUTONOMIC COMUNIDAD VALENCIANA"]
[Site "Vila-real (Castellón - SPAIN)"]
[Date "2009.08.19"]
[Round "3.14"]
[White "Mingarro Carceller, Sergi"]
[Black "Molina, Jorge"]
[Result "0-1"]
[WhiteElo "1743"]
[BlackElo "2129"]
[PlyCount "52"]
[EventDate "2009.08.18"]

1. b3 d5 2. Bb2 Nf6 3. e3 g6 4. f4 Bg7 5. Nf3 O-O 6. Be2 Bg4 7. O-O Nbd7 8. c4
c6 9. d3 Nc5 10. Bd4 Ne6 11. Bb2 dxc4 12. bxc4 Qb6 13. Qc1 Nxf4 14. Rf2 Bxf3
15. exf4 Bxe2 16. c5 Qb5 17. Rxe2 Qxd3 18. Rxe7 Rfe8 19. Rxb7 Re2 20. Nc3 Rc2
21. Qf1 Qd4+ 22. Kh1 Rf2 23. Qa6 Qxf4 24. h3 Ne4 25. Nxe4 Qxe4 26. Rg1 Bxb2 0-1

[Event "AUTONOMIC COMUNIDAD VALENCIANA"]
[Site "Vila-real (Castellón - SPAIN)"]
[Date "2009.08.19"]
[Round "3.15"]
[White "Arroyo Cabrera, Andres"]
[Black "Roig Aguilar, Alejandro"]
[Result "0-1"]
[WhiteElo "1736"]
[BlackElo "2120"]
[PlyCount "48"]
[EventDate "2009.08.18"]

1. e4 c5 2. Nf3 Nc6 3. c3 d6 4. Bb5 Qb6 5. Na3 a6 6. Be2 Nf6 7. Nc4 Qc7 8. d3
b5 9. Ne3 g6 10. Nc2 Bg7 11. h3 O-O 12. Be3 Bb7 13. O-O e5 14. Nh2 Nd8 15. Qd2
Ne6 16. Ng4 Nxg4 17. Bxg4 f5 18. exf5 gxf5 19. Qe2 fxg4 20. Qxg4 Nf4 21. Ne1
Rf6 22. Bxf4 Rxf4 23. Qe6+ Kh8 24. Kh2 Raf8 0-1

[Event "AUTONOMIC COMUNIDAD VALENCIANA"]
[Site "Vila-real (Castellón - SPAIN)"]
[Date "2009.08.19"]
[Round "3.16"]
[White "Aymerich Rosell, Pablo"]
[Black "Magdaleno Puche, Juan Pedro"]
[Result "0-1"]
[WhiteElo "2112"]
[BlackElo "1651"]
[PlyCount "88"]
[EventDate "2009.08.18"]

1. d4 Nf6 2. c4 g6 3. Nc3 Bg7 4. e4 d6 5. Be2 O-O 6. Nf3 Nbd7 7. O-O e5 8. Re1
c5 9. d5 h6 10. a3 Nh7 11. b4 a6 12. Rb1 b6 13. Nd2 a5 14. bxc5 Nxc5 15. Nb3 f5
16. Nxc5 bxc5 17. f3 Nf6 18. Qb3 fxe4 19. fxe4 Bg4 20. h3 Bxe2 21. Rxe2 Nh5 22.
Nb5 Qf6 23. Bd2 a4 24. Qd3 Rf7 25. Nc3 Raf8 26. Nxa4 Qh4 27. Kh2 Nf4 28. Bxf4
exf4 29. Qf3 Be5 30. Nb2 Qg3+ 31. Kh1 Rb7 32. Rf2 Rfb8 33. Qe2 Rxb2 34. Rxb2
Rxb2 35. Qxb2 Bxb2 36. Rxb2 Qe1+ 37. Kh2 Qxe4 38. Rb8+ Kf7 39. Rb7+ Kf6 40. a4
Qc2 41. Rb8 Ke5 42. Rf8 Qxa4 43. Rh8 Qxc4 44. Rxh6 Qc2 0-1

[Event "AUTONOMIC COMUNIDAD VALENCIANA"]
[Site "Vila-real (Castellón - SPAIN)"]
[Date "2009.08.19"]
[Round "3.17"]
[White "Vieito Ribelles, Ariadna"]
[Black "Capella Gimenez, Jose M"]
[Result "0-1"]
[WhiteElo "1731"]
[BlackElo "2095"]
[PlyCount "68"]
[EventDate "2009.08.18"]

1. e4 c6 2. d4 d5 3. Nc3 g6 4. e5 Bg7 5. f4 h5 6. Nf3 Bg4 7. h3 Bxf3 8. Qxf3 e6
9. Be3 Nd7 10. O-O-O h4 11. Kb1 b5 12. Bd3 Bf8 13. Bd2 Nh6 14. Ne2 Nf5 15. g4
hxg3 16. Bxf5 gxf5 17. Qxg3 c5 18. dxc5 Nxc5 19. Nc3 b4 20. Nb5 Ne4 21. Qe1 a5
22. Be3 Qd7 23. Nd4 a4 24. Bd2 Rb8 25. Ne2 Bc5 26. Rf1 Qa7 27. Rf3 Qb6 28. Bc1
Rg8 29. Qh4 Rg2 30. Nd4 Bxd4 31. Rxd4 Nc3+ 32. Rxc3 bxc3 33. Rd1 cxb2 34. Bd2
Rxd2 0-1

[Event "AUTONOMIC COMUNIDAD VALENCIANA"]
[Site "Vila-real (Castellón - SPAIN)"]
[Date "2009.08.19"]
[Round "3.18"]
[White "Sanchiz Marti, Josep Miquel"]
[Black "Magdaleno Puche, Jose Manuel"]
[Result "1-0"]
[WhiteElo "2046"]
[BlackElo "1580"]
[PlyCount "81"]
[EventDate "2009.08.18"]

1. d4 d5 2. c4 e6 3. Nc3 Nf6 4. Bg5 Be7 5. e3 O-O 6. cxd5 Nxd5 7. Bxe7 Nxe7 8.
Bd3 c6 9. Qc2 Kh8 10. Nf3 b6 11. O-O Bb7 12. Rfd1 Nd7 13. Rac1 Rc8 14. Qe2 Ng8
15. Ne4 Ngf6 16. Nd6 Qc7 17. Nxb7 Qxb7 18. Ba6 Qb8 19. Bxc8 Rxc8 20. Rc2 Qb7
21. Rdc1 c5 22. b4 Ne4 23. Ne1 Qd5 24. f3 Nef6 25. Nd3 c4 26. Nf4 Qg5 27. Rxc4
Rxc4 28. Rxc4 g6 29. Rc8+ Kg7 30. Qd3 e5 31. Nh3 Qh4 32. Nf2 exd4 33. Qxd4 Qxd4
34. exd4 Nd5 35. a3 Kf6 36. Ne4+ Ke7 37. Ra8 f5 38. Nd2 Nc3 39. Nb3 Nf6 40.
Rxa7+ Kd6 41. Kf2 1-0

[Event "AUTONOMIC COMUNIDAD VALENCIANA"]
[Site "Vila-real (Castellón - SPAIN)"]
[Date "2009.08.19"]
[Round "3.19"]
[White "Montoliu Cervero, Angel"]
[Black "Chacon Flores, David"]
[Result "0-1"]
[WhiteElo "1675"]
[BlackElo "2018"]
[PlyCount "104"]
[EventDate "2009.08.18"]

1. e4 c6 2. d4 d5 3. e5 Bf5 4. Nc3 e6 5. Bd3 Bxd3 6. Qxd3 Nd7 7. Nf3 a6 8. O-O
Be7 9. a3 c5 10. Be3 cxd4 11. Bxd4 Bc5 12. Na2 Bxd4 13. Qxd4 Ne7 14. Rac1 Nc6
15. Qe3 b5 16. b3 O-O 17. c4 bxc4 18. bxc4 Ne7 19. cxd5 Nxd5 20. Qd2 N7b6 21.
Nb4 Qe7 22. Nxd5 Nxd5 23. Qa5 Rfb8 24. Rb1 Qa7 25. Ng5 Rxb1 26. Rxb1 h6 27. Nf3
Rc8 28. h3 Kh7 29. Qd2 Rc7 30. Rc1 Rb7 31. Rc6 Rb1+ 32. Kh2 g6 33. Qe2 a5 34.
Ra6 Qc5 35. Qd2 Qxa3 36. Rxa5 Qb2 37. Qxb2 Rxb2 38. Kg3 Re2 39. Ra3 Kg7 40. Rd3
Ne7 41. Rd2 Nf5+ 42. Kh2 Re4 43. Rd1 Ra4 44. Rd2 g5 45. Re2 Kg6 46. g4 Ne7 47.
Ne1 Nd5 48. Kg3 Ra3+ 49. f3 Nf4 50. Re4 h5 51. gxh5+ Nxh5+ 52. Kg4 f6 0-1

[Event "AUTONOMIC COMUNIDAD VALENCIANA"]
[Site "Vila-real (Castellón - SPAIN)"]
[Date "2009.08.20"]
[Round "4.1"]
[White "Granero Roca, Antonio"]
[Black "Fenollar Jorda, Manuel"]
[Result "1/2-1/2"]
[WhiteElo "2433"]
[BlackElo "2341"]
[PlyCount "84"]
[EventDate "2009.08.18"]

1. Nf3 Nf6 2. d4 d5 3. c4 c6 4. Nc3 e6 5. e3 Nbd7 6. Qc2 b6 7. Be2 dxc4 8. Bxc4
Bb7 9. O-O c5 10. Ne5 Nxe5 11. dxe5 Nd7 12. Rd1 Qc7 13. f4 a6 14. Ne4 Be7 15.
Nd6+ Bxd6 16. Rxd6 O-O 17. Bd2 Rfd8 18. Rd1 Nf8 19. Bc3 Rxd6 20. exd6 Qc6 21.
Qf2 Rd8 22. Qg3 Ng6 23. h4 b5 24. f5 bxc4 25. fxg6 f6 26. gxh7+ Kxh7 27. Rd2
Qe4 28. Qf4 Qxf4 29. exf4 Bd5 30. f5 Rxd6 31. fxe6 Kg8 32. Ba5 Kf8 33. Bc7 Rc6
34. Bf4 Bxe6 35. Rd6 Rxd6 36. Bxd6+ Kf7 37. Bxc5 c3 38. bxc3 Bxa2 39. Kf2 Ke6
40. Ke3 Kd5 41. Bf8 g6 42. g4 Kc4 1/2-1/2

[Event "AUTONOMIC COMUNIDAD VALENCIANA"]
[Site "Vila-real (Castellón - SPAIN)"]
[Date "2009.08.20"]
[Round "4.2"]
[White "Alvarez Ibarra, Rafael"]
[Black "Carbonell Bofill, Carlos Eloy"]
[Result "1-0"]
[WhiteElo "2384"]
[BlackElo "2203"]
[PlyCount "83"]
[EventDate "2009.08.18"]

1. d4 d5 2. c4 c6 3. Nc3 Nf6 4. e3 a6 5. Nf3 b5 6. b3 Bf5 7. Be2 Nbd7 8. Nh4
Ne4 9. Bb2 Nxc3 10. Bxc3 Be4 11. f3 e6 12. g3 g5 13. Ng2 Bg6 14. Qd2 h5 15. Bd3
b4 16. Bb2 Bxd3 17. Qxd3 f5 18. Rc1 Qa5 19. cxd5 cxd5 20. Rc6 Ke7 21. O-O Bh6
22. e4 Qb5 23. Qxb5 axb5 24. exd5 Rxa2 25. Bc1 Nb8 26. Rxe6+ Kf7 27. Ne3 g4 28.
fxg4 Bxe3+ 29. Bxe3 hxg4 30. Rxf5+ Kg7 31. Rg5+ Kf7 32. Rf5+ Kg7 33. Rf2 Ra1+
34. Kg2 Rb1 35. Bf4 Rc8 36. Be5+ Kh7 37. Re7+ Kg6 38. Rg7+ Kh5 39. Rf5+ Kh6 40.
Rxg4 Rc2+ 41. Kh3 Rbb2 42. Bf4+ 1-0

[Event "AUTONOMIC COMUNIDAD VALENCIANA"]
[Site "Vila-real (Castellón - SPAIN)"]
[Date "2009.08.20"]
[Round "4.3"]
[White "Saborit Ripolles, Manuel"]
[Black "Tello Nunez, Alejandro"]
[Result "0-1"]
[WhiteElo "2008"]
[BlackElo "2297"]
[PlyCount "80"]
[EventDate "2009.08.18"]

1. d4 Nf6 2. Nf3 g6 3. c4 Bg7 4. Nc3 O-O 5. e4 d6 6. Be2 Bg4 7. h3 Bxf3 8. Bxf3
Nfd7 9. Be3 Nc6 10. g3 e5 11. d5 Nd4 12. Bg2 f5 13. O-O f4 14. gxf4 exf4 15.
Bxd4 f3 16. Bxg7 Qg5 17. Qxf3 Rxf3 18. Bh6 Qxh6 19. Bxf3 Qxh3 20. Bg2 Qh4 21.
f4 Rf8 22. Ne2 Nf6 23. Bf3 Ng4 24. Bxg4 Qxg4+ 25. Kf2 Rxf4+ 26. Nxf4 Qxf4+ 27.
Kg1 Qg4+ 28. Kh2 Qxe4 29. b3 Qd4 30. Kg3 b5 31. Rac1 bxc4 32. bxc4 Qd3+ 33. Kf4
Qe2 34. Kg3 Qxa2 35. Rc3 h5 36. Rf4 Qe2 37. Rcf3 Kg7 38. Rf2 Qe5 39. Kg2 Kh6
40. Kg1 Qg5+ 0-1

[Event "AUTONOMIC COMUNIDAD VALENCIANA"]
[Site "Vila-real (Castellón - SPAIN)"]
[Date "2009.08.20"]
[Round "4.4"]
[White "Jordan Martinez, David"]
[Black "Del Hoyo, Pablo"]
[Result "1-0"]
[WhiteElo "2176"]
[BlackElo "1995"]
[PlyCount "55"]
[EventDate "2009.08.18"]

1. e4 c5 2. Nf3 e6 3. c4 Nc6 4. Nc3 d6 5. d4 cxd4 6. Nxd4 Nxd4 7. Qxd4 a6 8.
Be2 Qc7 9. O-O Ne7 10. Be3 Nc6 11. Qd2 Ne5 12. Rac1 Be7 13. f4 Nd7 14. f5 O-O
15. fxe6 fxe6 16. Rxf8+ Nxf8 17. Rd1 Nd7 18. b3 b6 19. Nd5 Qd8 20. Nxe7+ Qxe7
21. Qxd6 Qxd6 22. Rxd6 Kf7 23. Bxb6 Ke7 24. c5 Bb7 25. Bc4 Nf8 26. e5 Rc8 27.
Kf2 Ng6 28. Rxe6+ 1-0

[Event "AUTONOMIC COMUNIDAD VALENCIANA"]
[Site "Vila-real (Castellón - SPAIN)"]
[Date "2009.08.20"]
[Round "4.5"]
[White "Navarrete Espi, Samuel"]
[Black "Olaru, Daniel"]
[Result "0-1"]
[WhiteElo "1804"]
[BlackElo "2104"]
[PlyCount "70"]
[EventDate "2009.08.18"]

1. e4 g6 2. d4 Bg7 3. Nc3 d6 4. f4 a6 5. Nf3 b5 6. Bd3 Bb7 7. O-O e6 8. a4 b4
9. Ne2 Nf6 10. e5 Nd5 11. a5 c5 12. c4 Ne7 13. Be3 cxd4 14. Nexd4 O-O 15. Qe1
Nbc6 16. Rd1 Qxa5 17. exd6 Nxd4 18. Nxd4 Nc6 19. Nb3 Qd8 20. Nc5 Rb8 21. Be4
Qc8 22. Nxb7 Qxb7 23. Qe2 Qd7 24. c5 Rfc8 25. Ra1 Nd4 26. Qc4 Qxd6 27. Rfd1
Rxc5 28. Qd3 f5 29. Bxf5 gxf5 30. Rxa6 Qd7 31. Bxd4 Rd5 32. Ra7 Qxa7 33. Bxa7
Rxd3 34. Rxd3 Rb7 35. Bd4 Rd7 0-1

[Event "AUTONOMIC COMUNIDAD VALENCIANA"]
[Site "Vila-real (Castellón - SPAIN)"]
[Date "2009.08.20"]
[Round "4.6"]
[White "Montoliu Cervero, Francisco"]
[Black "Marti Blanes, Jose Manuel"]
[Result "1-0"]
[WhiteElo "2063"]
[BlackElo "1871"]
[PlyCount "81"]
[EventDate "2009.08.18"]

1. e4 c5 2. Nf3 d6 3. d4 cxd4 4. Nxd4 Nf6 5. Nc3 a6 6. Be3 e6 7. f3 b5 8. Qd2
Nbd7 9. g4 Nb6 10. g5 Nfd7 11. O-O-O Bb7 12. Bd3 Rc8 13. Kb1 Be7 14. h4 b4 15.
Nce2 d5 16. Nf4 Nc5 17. e5 Qc7 18. h5 Nba4 19. Nfe2 Nxd3 20. cxd3 Kd7 21. g6
hxg6 22. hxg6 Qxe5 23. gxf7 Qf6 24. f4 Qxf7 25. Nf3 Bd6 26. Ned4 Rxh1 27. Rxh1
Re8 28. Rc1 Qf6 29. Ka1 Re7 30. Kb1 Re8 31. Qe1 Qg6 32. Qd2 Nc5 33. Rd1 a5 34.
Nb5 Ba6 35. Nxd6 Kxd6 36. Bxc5+ Kxc5 37. Qe3+ Kb5 38. Nd4+ Kb6 39. Nb3+ Kb7 40.
Nxa5+ Ka8 41. Qb6 1-0

[Event "AUTONOMIC COMUNIDAD VALENCIANA"]
[Site "Vila-real (Castellón - SPAIN)"]
[Date "2009.08.20"]
[Round "4.7"]
[White "Capella Gimenez, Jose M"]
[Black "Garcia Fernandez, Carlos"]
[Result "0-1"]
[WhiteElo "2095"]
[BlackElo "2390"]
[PlyCount "96"]
[EventDate "2009.08.18"]

1. d4 d6 2. e4 Nf6 3. f3 d5 4. e5 Ng8 5. f4 Bf5 6. Bd3 e6 7. Bxf5 exf5 8. Nf3
c6 9. O-O Na6 10. Nc3 Nc7 11. Be3 h6 12. a3 Ne6 13. Qd2 a5 14. Na4 b6 15. c4
Ne7 16. b3 g6 17. Nc3 Bg7 18. Rfc1 O-O 19. h3 Qd7 20. Rab1 Rfd8 21. Na4 Nc8 22.
Nc3 Bf8 23. cxd5 cxd5 24. a4 Na7 25. Qd3 Ba3 26. Rc2 Rdc8 27. g4 Ng7 28. g5
hxg5 29. Nxg5 Nh5 30. Kg2 Rc7 31. Ra1 Be7 32. Nf3 Rac8 33. Rac1 Ba3 34. Rb1 Qd8
35. Ng5 Be7 36. e6 Bxg5 37. exf7+ Kxf7 38. fxg5 f4 39. Bf2 Nc6 40. Nb5 Nb4 41.
Rxc7+ Rxc7 42. Qe2 Rc2 43. Qe5 Rxf2+ 44. Kg1 Ng7 45. Rc1 Rc2 46. Rf1 Nf5 47.
Rxf4 Qxg5+ 48. Rg4 Qc1+ 0-1

[Event "AUTONOMIC COMUNIDAD VALENCIANA"]
[Site "Vila-real (Castellón - SPAIN)"]
[Date "2009.08.20"]
[Round "4.8"]
[White "Chacon Flores, David"]
[Black "Roca Galarza, Jose"]
[Result "0-1"]
[WhiteElo "2018"]
[BlackElo "2333"]
[PlyCount "102"]
[EventDate "2009.08.18"]

1. c4 e6 2. d4 Nf6 3. Nc3 Bb4 4. Nf3 b6 5. e3 Bb7 6. Be2 Ne4 7. Qc2 O-O 8. O-O
f5 9. Bd2 Bxc3 10. Bxc3 Rf6 11. b4 Rh6 12. Rad1 Ng5 13. d5 Nxf3+ 14. Bxf3 d6
15. e4 Qh4 16. h3 f4 17. e5 Nd7 18. Rfe1 Qg5 19. Bg4 Nxe5 20. Bxe5 dxe5 21. Qe4
exd5 22. cxd5 Qe7 23. Qxf4 Re8 24. Qc4 Kh8 25. Rc1 Rd6 26. Bf3 Rc8 27. b5 g6
28. a4 Kg7 29. Re3 Rcd8 30. Rd1 Re8 31. Rde1 Kf6 32. Qh4+ Kg7 33. Qc4 Qf6 34.
Qxc7+ Re7 35. Qc4 h5 36. Qc3 Bxd5 37. Bxd5 Rxd5 38. Re4 Rc5 39. Qe3 Re8 40. f4
exf4 41. Qf3 Rxe4 42. Qxe4 Rf5 43. g4 fxg3 44. Qe7+ Qxe7 45. Rxe7+ Rf7 46. Re4
g5 47. h4 Rf4 48. Re7+ Kf6 49. Rxa7 gxh4 50. Ra8 Rb4 51. Rh8 h3 0-1